02082 a2200253 4500003000500000005001700005010001700022020002300039020002600062035002400088040000900112082001400121100002500135245010000160260003600260300003400296505122100330650002701551650004201578650003001620650004601650651004901696856008301745Nust20170207154052.0 a 2008029057 a0470390875 (cloth) a9780470390870 (cloth) a(OCoLC)ocn232976052 cNust00a658.152241 aLipman, Frederick D.10aInternational and U.S. IPO planning (E-BOOK)ba business strategy guide /cFrederick D. Lipman. aHoboken, N.J. :bWiley,cc2009. axiv, 272 p. :bill. ;c24 cm.0 aIntroduction.Chapter 1. The Pros and Cons of a U.S. IPO.Part One. Advanced Ipo Planning.Chapter 2. Develop an Impressive Management and Professional Team.Chapter 3. Grow the Company's Business with an Eye to the Public Marketplace.